Progress in catalyst deactivation : proceedings of the NATO Advanced Study Institute on Catalyst Deactivation, Algarve, Portugal, May 18-29, 1981 /
Guardado en:
| Autores Corporativos: | , |
|---|---|
| Otros Autores: | |
| Formato: | Libro |
| Idioma: | English |
| Publicado: |
Hague : Hingham, MA :
Martinus Nijhoff Publishers ; Distributors for the United States and Canada, Kluwer Boston,
1982.
|
| Series: | NATO advanced study institutes. Applied sciences ;
no. 54 |
| Materias: | |
| Etiquetas: |
Agregar Etiqueta
Sin Etiquetas, Sea el primero en etiquetar este registro!
|
| LEADER | 01356cam a22002895a 4500 | ||
|---|---|---|---|
| 001 | EIQ.libpla000704 | ||
| 008 | 820430s1982####ne#a#####b####100#0#eng#d | ||
| 005 | 20070703170417.0 | ||
| 245 | 1 | 0 | |a Progress in catalyst deactivation : |b proceedings of the NATO Advanced Study Institute on Catalyst Deactivation, Algarve, Portugal, May 18-29, 1981 / |c edited by José Luís Figueiredo. |
| 260 | |a Hague : |b Martinus Nijhoff Publishers ; |a Hingham, MA : |b Distributors for the United States and Canada, Kluwer Boston, |c 1982. | ||
| 300 | |a x, 401 p. : |b il. ; |c 25 cm. | ||
| 440 | 0 | |a NATO advanced study institutes. |n Series E, |p Applied sciences ; |v no. 54 | |
| 504 | |a Incluye referencias bibliográficas. | ||
| 020 | |a 9024726905 | ||
| 111 | 2 | |a NATO Advanced Study Institute on Catalyst Deactivation |d (1981 : |c Algarve, Portugal) | |
| 700 | 1 | |a Figueiredo, José Luís., |e ed. |4 edt | |
| 710 | 2 | |a North Atlantic Treaty Organization (NATO). | |
| 082 | 0 | 0 | |a 660.2/995 |2 19 |
| 650 | 4 | |a Envenenamiento del catalizador |x Congresos. | |
| 650 | 4 | |a Catalizadores |x Envenenamiento. | |
| 650 | 4 | |a Desactivación del catalizador |x Congresos. | |
| 650 | 4 | |a Catalyst poisoning |x Congresses. | |
| 650 | 4 | |a Catalyst deactivation |x Congresses. | |
| 650 | 4 | |a Catalysts |x Poisoning. | |
| 010 | |a 82007886 | ||
| 040 | |a DLC |c DLC |d AR-BbSID | ||
| 859 | |a AR-BbSID |b BIB. PLAPIQUI |h 541.395 |i N 214 |p 2215 | ||
